LEADER 01567nam2 2200361 i 450 001 IEI0321318 005 20231121125510.0 020 $aIT$b2011-3035 100 $a20101223d2010 ||||0itac50 ba 101 | $aita 102 $ait 181 1$6z01$ai $bxxxe 182 1$6z01$an 200 1 $a˜L'œuniverso fisico 210 $a[Roma]$cIstituto della Enciclopedia italiana fondata da Giovanni Treccani$d2010 215 $aXXIII, 778 p., [65] carte di tav.$cill.$d32 cm. 461 1$1001IEI0303755$12001 $a21. secolo$f[direttore: Tullio Gregory] 606 $aAstronomia$2FIR$3RMLC062637$9I 606 $aChimica quantistica$2FIR$3CFIC121016$9I 606 $aFisica$2FIR$3RMLC006389$9I 606 $aInformatica$2FIR$3RMLC001483$9I 676 $a523.1$9L'universo, spazio, galassie, quasar. Cosmologia$v22 801 3$aIT$bIT-01$c20101223 850 $aIT-RM028 $aIT-RM0418 $aIT-RM1163 $aIT-FR0017 899 $aBiblioteca Universitaria Alessandrina$bRM028 899 $aBIBLIOTECA ACCADEMIA NAZ. DEI LINCEI E CORSINIANA$bRM0418 899 $aIstituto Centrale Restauro Conservazione Patrimonio Archivistico Librario$bRM1163 $4S 899 $aBiblioteca umanistica Giorgio Aprea$bFR0017 912 $aIEI0321318 950 2$aBiblioteca umanistica Giorgio Aprea$d 52S.L. 035.1 (21.) IEI 6$e 52DLF0000001005 VMN RS $fC $h20130213$i20130213 977 $a 01$a 10$a 36$a 52 996 $aUniverso fisico$995363 997 $aUNICAS LEADER 02641oam 2200529 450 001 9910808644303321 005 20170523091602.0 010 $a1-4522-7356-1 010 $a1-4522-0899-9 035 $a(OCoLC)761404135 035 $a(MiFhGG)GVRL6REZ 035 $a(EXLCZ)993780000000056302 100 $a20090519d2009 uy 0 101 0 $aeng 135 $aurun|---uuuua 181 $ctxt 182 $cc 183 $acr 200 10$a10 strategies for doubling student performance /$fAllan R. Odden 210 1$aThousand Oaks, Calif. :$cCorwin,$d2009. 215 $a1 online resource (xxiv, 164 pages) 225 0 $aGale eBooks 300 $aDescription based upon print version of record. 311 $a1-4129-7148-9 311 $a1-4129-7147-0 320 $aIncludes bibliographical references and index. 327 $aCover; Contents; Preface; Acknowledgments; About the Author; Chapter 1 - Understanding the Performance Challenge; Chapter 2 - Set Ambitious Goals; Chapter 3 - Change the Curriculum Program and Create a New Instructional Vision; Chapter 4 - Benchmark and Formative Assessments and Data-Based Decision Making; Chapter 5 - Provide Ongoing, Intensive Professional Development; Chapter 6 - Using Time Efficiently and Effectively; Chapter 7 - Extend Learning Time for Struggling Students; Chapter 8 - Collaborative Cultures and Distributed Leadership; Chapter 9 - Professional and Best Practices 327 $aChapter 10 - The Human Capital Side of Doubling Student PerformanceChapter 11 - Putting It All Together: The Dramatically Improving School; References; Index 330 $a[header tag]Research-based strategies for turning around low-performing schools! With case studies and tools, this companion book to Doubling Student Performance expands on ten research-based strategies for driving significant, measurable gains in student achievement. 606 $aAcademic achievement$zUnited States 606 $aSchool improvement programs$zUnited States 606 $aSchool-based management$zUnited States$vCase studies 606 $aEducation$xEconomic aspects$zUnited States 606 $aEducational change$zUnited States$vCase studies 615 0$aAcademic achievement 615 0$aSchool improvement programs 615 0$aSchool-based management 615 0$aEducation$xEconomic aspects 615 0$aEducational change 676 $a371.207 700 $aOdden$b Allan$0923247 801 0$bMiFhGG 801 1$bMiFhGG 906 $aBOOK 912 $a9910808644303321 996 $a10 strategies for doubling student performance$94022724 997 $aUNINA LEADER 03297nam 22005655 450 001 9910861086703321 005 20250807124750.0 010 $a979-88-6880-239-3 024 7 $a10.1007/979-8-8688-0239-3 035 $a(MiAaPQ)EBC31343079 035 $a(Au-PeEL)EBL31343079 035 $a(CKB)32063087800041 035 $a(OCoLC)1434167765 035 $a(OCoLC-P)1434167765 035 $a(CaSebORM)9798868802393 035 $a(DE-He213)979-8-8688-0239-3 035 $a(EXLCZ)9932063087800041 100 $a20240515d2024 u| 0 101 0 $aeng 135 $aurcnu|||||||| 181 $ctxt$2rdacontent 182 $cc$2rdamedia 183 $acr$2rdacarrier 200 10$aDesign and Deploy Microsoft Defender for IoT $eLeveraging Cloud-based Analytics and Machine Learning Capabilities /$fby Puthiyavan Udayakumar, Dr. R. Anandan 205 $a1st ed. 2024. 210 1$aBerkeley, CA :$cApress :$cImprint: Apress,$d2024. 215 $a1 online resource (365 pages) 311 08$a979-88-6880-238-6 327 $aChapter 1: Get Started with IoT -- Chapter 2: Develop Architecture and Strategy for IoT -- Chapter 3: Plan Microsoft Defender for IoT -- Chapter 4: Deploy Microsoft Defender for IoT -- Chapter 5: Manage and Monitor your Defender for IoT System. 330 $aMicrosoft Defender for IoT helps organizations identify and respond to threats aimed at IoT devices, increasingly becoming targets for cyberattacks. This book discusses planning, deploying, and managing your Defender for IoT system. The book is a comprehensive guide to IoT security, addressing the challenges and best practices for securing IoT ecosystems. The book starts with an introduction and overview of IoT in Azure. It then discusses IoT architecture and gives you an overview of Microsoft Defender. You also will learn how to plan and work with Microsoft Defender for IoT, followed by deploying OT Monitoring. You will go through air-gapped OT sensor management and enterprise IoT monitoring. You also will learn how to manage and monitor your Defender for IoT systems with network alerts and data. After reading this book, you will be able to enhance your skills with a broader understanding of IoT and Microsoft Defender for IoT-integrated best practices to design, deploy,and manage a secure enterprise IoT environment using Azure. What You Will Learn Understand Microsoft security services for IoT Get started with Microsoft Defender for IoT Plan and design a security operations strategy for the IoT environment Deploy security operations for the IoT environment Manage and monitor your Defender for IoT System. 606 $aMicrosoft software 606 $aMicrosoft .NET Framework 606 $aData protection 606 $aMicrosoft 606 $aData and Information Security 615 0$aMicrosoft software. 615 0$aMicrosoft .NET Framework. 615 0$aData protection. 615 14$aMicrosoft. 615 24$aData and Information Security. 676 $a004.67/8 700 $aUdayakumar$b Puthiyavan$0940513 701 $aAnandan$b R$01739260 801 0$bMiAaPQ 801 1$bMiAaPQ 801 2$bMiAaPQ 906 $aBOOK 912 $a9910861086703321 996 $aDesign and Deploy Microsoft Defender for IoT$94163240 997 $aUNINA